| 000 | 00690nam a22002177a 4500 | ||
|---|---|---|---|
| 005 | 20170824155513.0 | ||
| 008 | 170824b xxu||||| |||| 00| 0 eng d | ||
| 020 |
_a9780230221550 _cRs 5660 |
||
| 040 | _beng | ||
| 041 | _aEnglish | ||
| 082 |
_a820.9 _bBIR |
||
| 245 |
_aConflict and difference in nineteenth-century literature _cEdited by Dinah Birch and Mark LLewellyn |
||
| 260 |
_aHoundmills, Basingstoke _bPalgrave Macmillan _c2010 |
||
| 300 |
_ax,257p _b24 cm |
||
| 504 | _aIncludes bibliography and index | ||
| 650 |
_aEnglish literature _vHistory and criticism _y19th Century |
||
| 700 |
_4ed. _aBirch, Dinah |
||
| 700 |
_4ed. _aLlewellyn, Mark |
||
| 850 | _aLCLIB | ||
| 942 | _cBK | ||
| 999 |
_c41212 _d91691 |
||